[Event "Bayerische EM (allgemein)"]
[Site "Bad Königshofen"]
[Date "2010.08.29"]
[Round "9.17"]
[White "Weigert, Wilhelm"]
[Black "Maugg, Ludwig"]
[Result "1/2-1/2"]
[WhiteElo "2024"]
[BlackElo "2099"]
[PlyCount "127"]
[EventDate "2010.??.??"]
[WhiteTeam "SK Kelheim 1920"]
[BlackTeam "SC Sonthofen"]

1. d4 Nf6 2. c4 c5 3. d5 e5 4. Nc3 d6 5. e4 Be7 6. Bd3 O-O 7. Nge2 Ne8 8. O-O
Bg5 9. f4 exf4 10. Nxf4 Nd7 11. b3 Ne5 12. Bb2 Nf6 13. h3 Re8 14. Bc2 a6 15. a4
b6 16. Qe2 Bd7 17. Qf2 Qe7 18. Qg3 Bxf4 19. Qxf4 Rab8 20. Rf2 b5 21. cxb5 axb5
22. Nxb5 Bxb5 23. axb5 Rxb5 24. Raf1 Nfd7 25. Qg3 Rf8 26. Rf5 f6 27. R1f4 c4
28. Rh4 Ng6 29. Rxh7 Kxh7 30. Rh5+ Kg8 31. Qxg6 Ne5 32. Bxe5 dxe5 33. Qh7+ Kf7
34. bxc4 Qc5+ 35. Kh2 Qxc4 36. Bd1 Qc1 37. Qf5 Qf4+ 38. Qxf4 exf4 39. Bg4 Rd8
40. Be6+ Kg6 41. Rf5 Rb6 42. Rxf4 Rxe6 43. dxe6 Re8 44. Rg4+ Kh7 45. Kg3 Rxe6
46. h4 Re5 47. Rf4 Kh6 48. Kf3 Ra5 49. Kg4 Ra2 50. Kh3 Ra3+ 51. g3 Re3 52. Kg2
Kg6 53. Kf2 Ra3 54. Rf3 Ra5 55. Re3 Re5 56. g4 Kh6 57. Kf3 Ra5 58. Rd3 Kg6 59.
h5+ Kh6 60. Kf4 Ra1 61. Rf3 Ra5 62. Kg3 Ra2 63. Kf4 Ra5 64. Kg3 1/2-1/2